Normal view
MARC view
- John R. Brauer
Entry Personal Name
001 - CONTROL NUMBER
- control field: 100906
003 - CONTROL NUMBER IDENTIFIER
- control field: NUST
005 - DATE AND TIME OF LATEST TRANSACTION
- control field: 20221019181424.0
008 - FIXED-LENGTH DATA ELEMENTS
- fixed length control field: 221019|| aca||aabn | a|a d
040 ## - CATALOGING SOURCE
- Original cataloging agency: NUST
- Transcribing agency: NUST
100 ## - HEADING--PERSONAL NAME
- Personal name: John R. Brauer
670 ## - SOURCE DATA FOUND
- Source citation: Work cat.: (NUST)193522: John R. Brauer., What every engineer should know about finite element analysis /, c1988.
